[Event "23rd European Teams"]
[Site "Terme Catez SLO"]
[Date "2021.11.14"]
[Round "3.8"]
[Board "2"]
[White "Draskovic, Luka"]
[Black "Nguyen, Thai Dai Van"]
[Result "1/2-1/2"]
[WhiteTitle "IM"]
[BlackTitle "GM"]
[WhiteElo "2469"]
[BlackElo "2594"]
[WhiteTeam "Montenegro"]
[BlackTeam "Czech Republic"]
[WhiteFideId "944335"]
[BlackFideId "358878"]
[EventDate "2021.11.12"]

1. Nf3 Nf6 2. c4 e6 3. g3 d5 4. Bg2 Be7 5. O-O O-O 6. b3 c5 7. cxd5 exd5 8. Bb2
Nc6 9. e3 Bg4 10. h3 Bh5 11. Nc3 Ne4 12. Ne2 Bf6 13. Bxf6 Nxf6 14. Nf4 Bxf3 15.
Qxf3 Ne7 16. Rfd1 h6 17. d4 Rc8 18. dxc5 Rxc5 19. Rd4 Qc8 20. Rad1 Re8 21. Qe2
Nc6 22. Nxd5 Nxd4 23. Nxf6+ gxf6 24. Rxd4 b6 25. h4 Rd8 26. Rf4 Qe6 27. Qf3 f5
28. e4 Qd7 29. exf5 Qd1+ 30. Qxd1 Rxd1+ 31. Kh2 Rd2 32. a4 h5 33. Be4 f6 34. Rf3
Re5 35. Bd3 Kf8 36. Bc4 Ke7 37. Kh3 Rd4 38. Kg2 Rd2 39. Kh3 Kf8 40. Rf4 Ke7 41.
Kg2 Kf8 42. Be6 Rb2 43. Bc4 Kg7 44. Rf3 Kh6 45. Rf4 Rd2 46. Be6 Re1 47. Rc4 Ree2
48. Rf4 Rb2 49. Bc4 Rec2 50. Bf7 Rd2 51. Rf3 Rdc2 1/2-1/2

[Event "23rd European Teams"]
[Site "Terme Catez SLO"]
[Date "2021.11.14"]
[Round "3.8"]
[Board "4"]
[White "Potpara, Nikola"]
[Black "Zilka, Stepan"]
[Result "0-1"]
[BlackTitle "GM"]
[WhiteElo "2374"]
[BlackElo "2593"]
[WhiteTeam "Montenegro"]
[BlackTeam "Czech Republic"]
[WhiteFideId "910058"]
[BlackFideId "315303"]
[EventDate "2021.11.12"]

1. c4 e6 2. g3 d5 3. Bg2 Nf6 4. Nf3 Be7 5. O-O O-O 6. d4 dxc4 7. Qc2 a6 8. a4
Bd7 9. Qxc4 Bc6 10. Bg5 a5 11. Nc3 Ra6 12. Rad1 Rb6 13. Qa2 Rb4 14. e3 Qe8 15.
Ne5 Bxa4 16. Ra1 Bb3 17. Qxa5 Rb6 18. Rfc1 h6 19. Bxf6 gxf6 20. Nd3 Bc4 21. Nc5
Nc6 22. Qa4 Rb4 23. Bxc6 Rxa4 24. Bxe8 Rxa1 25. Bxf7+ Kxf7 26. Rxa1 b6 27. N5e4
Rc8 28. Ra7 Ke8 29. g4 Kd7 30. Kg2 Rg8 31. Kf3 Bf1 32. d5 Bh3 33. Ke2 Bxg4+ 34.
f3 Bh3 35. Ng3 Bd8 36. e4 Kc8 37. dxe6 Bxe6 38. Kd3 Kb8 39. Ra1 c6 40. Nce2 Bc7
41. Rc1 Kb7 42. Nd4 Bd7 43. Nh5 Rd8 44. Ke3 Be5 45. Ng7 c5 46. Ndf5 Bb5 47. Rc2
Rd3+ 48. Kf2 Bxh2 49. Nxh6 Ba4 50. Re2 Bd1 51. Re1 Bf4 52. Nhf5 Rd2+ 53. Kf1
Bxf3 54. Ne8 Be5 55. Re3 Bg4 56. b3 Rd1+ 57. Kg2 Bxf5 58. exf5 Rd8 59. Rxe5 fxe5
60. Nf6 Rf8 61. Ne4 Kc6 62. f6 Kd5 63. Kf3 Kd4 0-1

[Event "23rd European Teams"]
[Site "Terme Catez SLO"]
[Date "2021.11.14"]
[Round "3.9"]
[Board "1"]
[White "Hillarp Persson, Tiger"]
[Black "Indjic, Aleksandar"]
[Result "0-1"]
[WhiteTitle "GM"]
[BlackTitle "GM"]
[WhiteElo "2528"]
[BlackElo "2612"]
[WhiteTeam "Sweden"]
[BlackTeam "Serbia"]
[WhiteFideId "1700812"]
[BlackFideId "911925"]
[EventDate "2021.11.12"]

1. d4 d5 2. c4 e6 3. Nf3 Nf6 4. g3 Bb4+ 5. Nc3 O-O 6. Bg2 dxc4 7. O-O Bd7 8. Ne5
Bc6 9. e4 Bxc3 10. Nxc6 Nxc6 11. bxc3 e5 12. d5 Ne7 13. Qa4 c6 14. Rd1 b5 15.
Qa3 h6 16. Be3 cxd5 17. exd5 Nf5 18. Bc5 Re8 19. Qa6 Nd7 20. Qxb5 Rb8 21. Qc6
Nxc5 22. Qxc5 Nd6 23. Qxa7 e4 24. a4 Rb2 25. Rab1 Rc2 26. Rbc1 Ra2 27. Ra1 Rc2
28. Rac1 Rxc1 29. Rxc1 Qg5 30. Rd1 Qh5 31. Rd2 Qe5 32. Qd4 Qxd4 33. Rxd4 Ra8 34.
Bxe4 Rxa4 35. Kf1 Ra3 36. Bc2 Rxc3 37. Rd2 Kf8 38. Re2 Ra3 39. Ke1 Ra5 40. Re5
f6 41. Re3 Rxd5 42. Bg6 Re5 43. Kd2 Ke7 44. f4 Rxe3 45. Kxe3 Nb5 46. g4 Kd6 47.
h4 Kc5 48. g5 Nd6 49. Bb1 Kb4 0-1

[Event "23rd European Teams"]
[Site "Terme Catez SLO"]
[Date "2021.11.14"]
[Round "3.9"]
[Board "2"]
[White "Ivic, Velimir"]
[Black "Blomqvist, Erik"]
[Result "1/2-1/2"]
[WhiteTitle "GM"]
[BlackTitle "GM"]
[WhiteElo "2620"]
[BlackElo "2542"]
[WhiteTeam "Serbia"]
[BlackTeam "Sweden"]
[WhiteFideId "950122"]
[BlackFideId "1709437"]
[EventDate "2021.11.12"]

1. e4 c5 2. Nf3 d6 3. d4 cxd4 4. Nxd4 Nf6 5. Nc3 g6 6. Be3 Bg7 7. f3 O-O 8. Qd2
Nc6 9. O-O-O d5 10. exd5 Nxd5 11. Nxc6 bxc6 12. Bd4 e5 13. Bc5 Re8 14. Ne4 Qc7
15. h4 f5 16. Nd6 Rd8 17. Nxc8 Raxc8 18. h5 Nb6 19. Bxb6 Rxd2 20. Bc4+ Kf8 21.
Bxc7 Rxd1+ 22. Rxd1 Rxc7 23. hxg6 Bh6+ 24. Kb1 hxg6 25. Rd6 Kg7 26. c3 Bf4 27.
Re6 Rd7 28. a4 c5 29. a5 g5 30. Re8 g4 31. fxg4 fxg4 32. Rg8+ Kf6 33. Rxg4 Rg7
34. Rxg7 Kxg7 35. Bd5 Kf6 36. Kc2 Kf5 37. Kd3 Bc1 38. b3 Bb2 39. Kc2 Ba1 40. Kd3
Bb2 41. Kc4 e4 42. b4 cxb4 43. Kxb4 Ke5 44. Bb7 Bc1 45. Kb5 Bg5 46. c4 e3 47.
Bf3 Kd6 48. c5+ Kc7 49. a6 Bh6 50. Kc4 Kd7 51. Kd5 Kc7 52. Ke5 Kd7 53. g4 Kc7
54. Kf6 e2 55. Bxe2 Kc6 56. g5 Bxg5+ 57. Kxg5 Kxc5 58. Kf6 Kd6 59. Bg4 Kc7 60.
Ke7 Kb8 61. Kd8 Ka8 62. Kc7 1/2-1/2

[Event "23rd European Teams"]
[Site "Terme Catez SLO"]
[Date "2021.11.14"]
[Round "3.9"]
[Board "3"]
[White "Johansson, Linus"]
[Black "Ivanisevic, Ivan"]
[Result "1/2-1/2"]
[WhiteTitle "IM"]
[BlackTitle "GM"]
[WhiteElo "2479"]
[BlackElo "2604"]
[WhiteTeam "Sweden"]
[BlackTeam "Serbia"]
[WhiteFideId "1711113"]
[BlackFideId "912417"]
[EventDate "2021.11.12"]

1. d4 Nf6 2. c4 e6 3. Nf3 d5 4. Nc3 c6 5. e3 Nbd7 6. Be2 dxc4 7. a4 Bb4 8. Bxc4
O-O 9. O-O b6 10. Qe2 Bb7 11. e4 c5 12. d5 exd5 13. Nxd5 Nxd5 14. Bxd5 Bxd5 15.
exd5 Re8 16. Qc2 Nf6 17. Rd1 Qd7 18. Bg5 Ne4 19. Bf4 Qf5 20. Bc7 Rac8 21. Nh4
Qd7 22. Bg3 c4 23. Rd4 Nxg3 24. hxg3 Bc5 25. Rd2 g6 26. Rad1 a6 27. Nf3 Qd6 28.
Ng5 Qe5 29. d6 Rcd8 30. Nf3 Qe6 31. Re1 Qxe1+ 32. Nxe1 Rxe1+ 33. Kh2 Bxd6 34.
Qxc4 h5 35. f4 a5 36. Qc6 Be7 37. Rxd8+ Bxd8 38. Qd6 Be7 39. Qxb6 Bb4 40. f5
gxf5 41. Qd8+ Kg7 42. Qg5+ Kf8 43. Qxf5 Kg7 44. Qg5+ Kf8 45. Qxh5 Kg7 46. Qg5+
Kf8 47. Qf5 Kg7 48. g4 Re6 49. g5 Kg8 50. Qd5 Kg7 51. Qf5 Kg8 52. Qd5 1/2-1/2

[Event "23rd European Teams"]
[Site "Terme Catez SLO"]
[Date "2021.11.14"]
[Round "3.9"]
[Board "4"]
[White "Markus, Robert"]
[Black "Seo, Jung Min"]
[Result "1/2-1/2"]
[WhiteTitle "GM"]
[BlackTitle "IM"]
[WhiteElo "2609"]
[BlackElo "2455"]
[WhiteTeam "Serbia"]
[BlackTeam "Sweden"]
[WhiteFideId "921637"]
[BlackFideId "1734687"]
[EventDate "2021.11.12"]

1. d4 Nf6 2. c4 e6 3. Nf3 d5 4. g3 Be7 5. Bg2 O-O 6. O-O dxc4 7. Qa4 a6 8. Qxc4
b5 9. Qc2 Bb7 10. Bd2 Be4 11. Qc1 c6 12. Be3 Nbd7 13. Nc3 Bg6 14. Bg5 h6 15.
Bxf6 Bxf6 16. Rd1 Rc8 17. Qe3 Qb6 18. Ne4 Bxe4 19. Qxe4 c5 20. Ne5 Rc7 21. Nxd7
Rxd7 22. dxc5 Rxd1+ 23. Rxd1 Qxc5 24. b3 a5 25. h4 h5 26. e3 Rd8 27. Rxd8+ Bxd8
28. Qb7 b4 29. Bf1 g6 30. Bc4 Qe7 31. Qxe7 Bxe7 1/2-1/2

[Event "23rd European Teams"]
[Site "Terme Catez SLO"]
[Date "2021.11.14"]
[Round "3.10"]
[Board "1"]
[White "Mastrovasilis, Dimitrios"]
[Black "Yilmaz, Mustafa"]
[Result "1/2-1/2"]
[WhiteTitle "GM"]
[BlackTitle "GM"]
[WhiteElo "2619"]
[BlackElo "2626"]
[WhiteTeam "Greece"]
[BlackTeam "Turkey"]
[WhiteFideId "4202694"]
[BlackFideId "6302718"]
[EventDate "2021.11.12"]

1. e4 c5 2. Nf3 d6 3. d4 cxd4 4. Nxd4 Nf6 5. Nc3 a6 6. Be3 e5 7. Nb3 Be6 8. h3
Be7 9. f4 Nc6 10. f5 Bxb3 11. axb3 Nb4 12. g3 d5 13. exd5 Qc7 14. d6 Bxd6 15.
Nb5 Nxc2+ 16. Ke2 Qc6 17. Nxd6+ Ke7 18. Rc1 Nxe3 19. Rxc6 Nxd1 20. Nxb7 Rhb8 21.
Rc7+ Kf8 22. Bg2 e4 23. Rxd1 Ra7 24. Bxe4 Nxe4 25. Rdd7 Nxg3+ 26. Kf3 Nh5 27.
Rxf7+ Kg8 28. b4 Raa8 29. Kg4 Nf6+ 30. Kg5 Ne8 31. Rce7 Ra7 32. h4 Rc8 33. Nc5
Rxe7 34. Rxe7 Nd6 35. Re6 Nf7+ 36. Kf4 h5 37. Nxa6 Rc4+ 38. Re4 Rc2 39. b5 Rf2+
40. Ke3 Rxb2 41. Re8+ Kh7 42. Nc7 Nd6 43. Rf8 Rb4 44. Ne6 g6 45. Ng5+ Kg7 46.
Ne6+ Kh7 47. fxg6+ Kxg6 48. Nf4+ Kg7 49. Ne6+ Kg6 50. Rd8 Re4+ 51. Kd3 Rxe6 52.
Rg8+ Kf7 53. Rg5 Rh6 54. b6 Ke6 55. Kd4 Rh8 56. Rg6+ Kd7 57. Ke5 Re8+ 58. Kd5
Nf5 59. Rg5 Nxh4 60. Rxh5 1/2-1/2

[Event "23rd European Teams"]
[Site "Terme Catez SLO"]
[Date "2021.11.14"]
[Round "3.11"]
[Board "1"]
[White "Andersen, Mads"]
[Black "Pechac, Jergus"]
[Result "0-1"]
[WhiteTitle "GM"]
[BlackTitle "GM"]
[WhiteElo "2575"]
[BlackElo "2562"]
[WhiteTeam "Denmark"]
[BlackTeam "Slovakia"]
[WhiteFideId "1413864"]
[BlackFideId "14926970"]
[EventDate "2021.11.12"]

1. Nf3 d5 2. e3 c5 3. b3 Nc6 4. Bb2 e6 5. Bb5 Ne7 6. c4 a6 7. cxd5 exd5 8. Bd3
Nb4 9. Bc2 Bg4 10. a3 Nxc2+ 11. Qxc2 Rc8 12. Qd1 Qb6 13. Nc3 d4 14. Ne4 Nc6 15.
exd4 Nxd4 16. Bxd4 cxd4 17. O-O Be7 18. Re1 O-O 19. b4 h6 20. Qb3 a5 21. Rab1
axb4 22. axb4 Be6 23. Qb2 Rfd8 24. Nc5 Bf5 25. Rxe7 Bxb1 26. Rxb7 Qg6 27. Ne5
Re8 28. Qxd4 Rxe5 29. Qxe5 Be4 30. f3 Bxf3 31. g3 Qb1+ 32. Kf2 Bxb7 33. Nxb7
Qxb4 34. Qd5 Qb6+ 35. Kf3 Rc6 36. Nd8 Rf6+ 0-1

[Event "23rd European Teams"]
[Site "Terme Catez SLO"]
[Date "2021.11.14"]
[Round "3.11"]
[Board "2"]
[White "Druska, Juraj"]
[Black "Thybo, Jesper Sondergaard"]
[Result "1-0"]
[WhiteTitle "IM"]
[BlackTitle "GM"]
[WhiteElo "2508"]
[BlackElo "2604"]
[WhiteTeam "Slovakia"]
[BlackTeam "Denmark"]
[WhiteFideId "14915650"]
[BlackFideId "1438832"]
[EventDate "2021.11.12"]

1. e4 c6 2. Nf3 d5 3. d3 g6 4. Nbd2 Bg7 5. d4 c5 6. exd5 cxd4 7. Bb5+ Nd7 8. Nc4
Nf6 9. Qxd4 O-O 10. O-O a6 11. Bxd7 Nxd7 12. Nce5 b5 13. b3 Bb7 14. c4 e6 15.
Bf4 exd5 16. c5 g5 17. c6 Bxc6 18. Qd2 Nxe5 19. Bxe5 f6 20. Bd4 Rf7 21. Rac1 Rc8
22. Ne1 Bd7 23. Nc2 Bf5 24. Ne3 Be4 25. h4 h6 26. hxg5 hxg5 27. Qb2 Rxc1 28.
Rxc1 Rc7 29. Rxc7 Qxc7 30. f3 Bg6 31. Nxd5 Qg3 32. Qc3 b4 33. Qxb4 g4 34. Bf2
Qe5 35. Ne7+ Kh7 36. Nxg6 Qa1+ 37. Kh2 Kxg6 38. Qxg4+ Kh7 39. Qf5+ Kg8 40. Qc8+
Kh7 41. Qxa6 1-0

[Event "23rd European Teams"]
[Site "Terme Catez SLO"]
[Date "2021.11.14"]
[Round "3.12"]
[Board "1"]
[White "Agopov, Mikael"]
[Black "Lenic, Luka"]
[Result "1/2-1/2"]
[WhiteTitle "IM"]
[BlackTitle "GM"]
[WhiteElo "2430"]
[BlackElo "2633"]
[WhiteTeam "Finland"]
[BlackTeam "Slovenia 1"]
[WhiteFideId "501840"]
[BlackFideId "14603853"]
[EventDate "2021.11.12"]

1. e4 e5 2. Nf3 Nc6 3. Bb5 a6 4. Ba4 Nf6 5. O-O b5 6. Bb3 Bc5 7. a4 Rb8 8. axb5
axb5 9. Nxe5 Nxe5 10. d4 Bxd4 11. Qxd4 d6 12. f4 Nc6 13. Qd3 O-O 14. Nc3 Nb4 15.
Qd2 Be6 16. Bxe6 fxe6 17. Qe2 Qe8 18. Be3 Qh5 19. Rf3 Nc6 20. Ra6 Nb4 21. Ra1
Nc6 22. Ra6 Nb4 23. Ra1 Nc6 1/2-1/2

[Event "23rd European Teams"]
[Site "Terme Catez SLO"]
[Date "2021.11.14"]
[Round "3.12"]
[Board "2"]
[White "Borisek, Jure"]
[Black "Koykka, Pekka"]
[Result "1-0"]
[WhiteTitle "GM"]
[BlackTitle "FM"]
[WhiteElo "2595"]
[BlackElo "2353"]
[WhiteTeam "Slovenia 1"]
[BlackTeam "Finland"]
[WhiteFideId "14603152"]
[BlackFideId "504319"]
[EventDate "2021.11.12"]

1. e4 c6 2. d4 d5 3. e5 c5 4. dxc5 e6 5. Nf3 Bxc5 6. Bd3 Ne7 7. O-O Ng6 8. c3
Nc6 9. Re1 Qc7 10. Qe2 a6 11. h4 f6 12. exf6 gxf6 13. c4 d4 14. a3 a5 15. h5 Nf4
16. Bxf4 Qxf4 17. Nbd2 e5 18. Be4 Bg4 19. Qd3 Bxh5 20. g3 Qh6 21. Bxc6+ bxc6 22.
Nxe5 fxe5 23. Rxe5+ Be7 24. Rae1 Ra7 25. Qxd4 Rd7 26. Rxe7+ Rxe7 27. Qxh8+ Kf7
28. Rxe7+ Kxe7 29. Qe5+ 1-0

[Event "23rd European Teams"]
[Site "Terme Catez SLO"]
[Date "2021.11.14"]
[Round "3.12"]
[Board "4"]
[White "Janzelj, Tim"]
[Black "Ronka, Erik"]
[Result "1/2-1/2"]
[WhiteTitle "IM"]
[BlackTitle "FM"]
[WhiteElo "2474"]
[BlackElo "2321"]
[WhiteTeam "Slovenia 1"]
[BlackTeam "Finland"]
[WhiteFideId "14607913"]
[BlackFideId "505080"]
[EventDate "2021.11.12"]

1. e4 c5 2. Nf3 e6 3. b3 a6 4. Bb2 Nc6 5. c4 Nf6 6. e5 Ng4 7. h3 Nh6 8. g3 d6 9.
exd6 f6 10. d4 cxd4 11. Nxd4 Nxd4 12. Qxd4 Nf5 13. Qd2 Bxd6 14. Bg2 Qb6 15. Nc3
O-O 16. Na4 Qc7 17. c5 Be5 18. Nb6 Rb8 19. Rc1 Rd8 20. Qe2 Bxb2 21. Qxb2 Bd7 22.
Nxd7 Rxd7 23. O-O Nd4 24. b4 Qe5 25. Kh1 h5 26. Rce1 Qc7 27. Re4 Rbd8 28. Rd1 e5
29. Rde1 g6 30. Qc3 Kh7 31. a3 Nf5 32. Qc4 Rd2 33. R4e2 R2d4 34. Qe6 Kg7 35. Be4
Nh6 36. Bg2 h4 37. Be4 hxg3 38. fxg3 f5 39. Bg2 e4 40. g4 Rd1 41. g5 Ng8 42. Qb3
R1d3 43. Qb2+ Kh7 44. Rf1 Rd1 45. Qb3 Rxf1+ 46. Bxf1 Rd7 47. Qe3 Rd3 48. Qf2 Rf3
49. Qh4+ Kg7 50. Kg2 Qd8 51. Rf2 Qd4 52. Be2 Rxa3 53. Qf4 Qc3 54. Qc7+ Kh8 55.
Qh2 e3 56. Rf4 Qd2 57. Rh4+ Kg7 58. Qc7+ Kf8 59. Qb8+ Kg7 60. Qxb7+ Kf8 61. Qb8+
Kg7 62. Qc7+ Kf8 63. Qc8+ Kg7 64. Qb7+ Kf8 65. Qb8+ Kg7 66. Qc7+ Kf8 67. Qd6+
Qxd6 68. cxd6 Ra2 69. Kf3 Rd2 70. Rc4 Rxd6 71. Rc8+ Kg7 72. Re8 Rd4 73. Kxe3
Rxb4 74. Bxa6 Kf7 75. Rc8 Re4+ 76. Kf3 Ne7 77. Bc4+ Kg7 78. Rc7 Kf8 79. Bd3 Rd4
80. Bc4 Ke8 81. Bb5+ Kd8 82. Ra7 Rd5 83. Ba4 Nc8 84. Rg7 Ne7 85. Kg3 Rd3+ 86.
Kg2 Re3 87. Bd1 Kd7 88. h4 Ke6 89. Bf3 Rc3 90. h5 gxh5 91. Bxh5 f4 92. Bg4+ Kd6
93. Kf2 Rg3 94. Bf3 Nf5 95. Rg8 Ke6 96. Re8+ Kf7 97. Re4 Rxg5 98. Rxf4 Kf6 99.
Be4 Ke5 100. Rxf5+ Rxf5+ 101. Bxf5 1/2-1/2

[Event "23rd European Teams"]
[Site "Terme Catez SLO"]
[Date "2021.11.14"]
[Round "3.14"]
[Board "1"]
[White "Adams, Michael"]
[Black "Vocaturo, Daniele"]
[Result "1/2-1/2"]
[WhiteTitle "GM"]
[BlackTitle "GM"]
[WhiteElo "2714"]
[BlackElo "2632"]
[WhiteTeam "England"]
[BlackTeam "Italy"]
[WhiteFideId "400041"]
[BlackFideId "813192"]
[EventDate "2021.11.12"]

1. e4 c5 2. Nf3 d6 3. d4 cxd4 4. Nxd4 Nf6 5. Nc3 a6 6. g3 e5 7. Nb3 Be6 8. Bg2
h5 9. Bg5 Nbd7 10. f4 Rc8 11. Qd2 Be7 12. O-O-O b5 13. Rde1 Nb6 14. Rhf1 Qc7 15.
Nd5 Nfxd5 16. exd5 Nxd5 17. Bxd5 Bxd5 18. Bxe7 Kxe7 19. fxe5 dxe5 20. Rf2 Bxb3
21. Qg5+ Kf8 22. axb3 Re8 23. Rf5 e4 24. Rf4 e3 25. Rf3 e2 26. Rf2 Rh6 27. Rfxe2
Rxe2 28. Rxe2 Rf6 29. Qe3 Rf1+ 30. Re1 Rxe1+ 1/2-1/2

[Event "23rd European Teams"]
[Site "Terme Catez SLO"]
[Date "2021.11.14"]
[Round "3.14"]
[Board "2"]
[White "Moroni, Luca Jr"]
[Black "Jones, Gawain C B"]
[Result "1/2-1/2"]
[WhiteTitle "GM"]
[BlackTitle "GM"]
[WhiteElo "2580"]
[BlackElo "2654"]
[WhiteTeam "Italy"]
[BlackTeam "England"]
[WhiteFideId "865834"]
[BlackFideId "409561"]
[EventDate "2021.11.12"]

1. e4 e5 2. Nf3 Nc6 3. Bb5 Nf6 4. d3 Bc5 5. Bg5 h6 6. Bh4 Nd4 7. Nxd4 Bxd4 8. c3
Bb6 9. Nd2 O-O 10. Nc4 d5 11. Nxe5 c6 12. Ba4 dxe4 13. O-O exd3 14. Bb3 g5 15.
Bg3 Bf5 16. Re1 d2 17. Re2 Ne4 18. Bc2 Nxg3 19. hxg3 Qf6 20. Bxf5 Qxf5 21. Nc4
Rfd8 22. Nxb6 axb6 23. Rxd2 Qf6 24. a4 Kg7 25. Rd7 c5 26. Rxd8 Rxd8 27. Qc2 Qe6
28. Rd1 Rxd1+ 29. Qxd1 Qa2 30. b3 Qb2 31. c4 1/2-1/2

[Event "23rd European Teams"]
[Site "Terme Catez SLO"]
[Date "2021.11.14"]
[Round "3.14"]
[Board "3"]
[White "Howell, David W L"]
[Black "Sonis, Francesco"]
[Result "0-1"]
[WhiteTitle "GM"]
[BlackTitle "IM"]
[WhiteElo "2648"]
[BlackElo "2536"]
[WhiteTeam "England"]
[BlackTeam "Italy"]
[WhiteFideId "410608"]
[BlackFideId "895733"]
[EventDate "2021.11.12"]

1. e4 c6 2. d4 d5 3. Nd2 dxe4 4. Nxe4 Nf6 5. Nxf6+ exf6 6. c3 Bd6 7. Bd3 O-O 8.
Qc2 Re8+ 9. Ne2 h5 10. O-O h4 11. h3 Nd7 12. Be3 Nf8 13. c4 Bd7 14. Rfe1 Qc8 15.
Nf4 Qc7 16. Nh5 Ne6 17. Qd2 Qd8 18. d5 cxd5 19. cxd5 Nc5 20. Bd4 Nxd3 21. Rxe8+
Qxe8 22. Nxg7 Qe4 23. Nh5 Be7 24. Bxf6 Nf4 25. f3 Bc5+ 26. Kh1 Qe3 27. Qxe3 Bxe3
28. Nxf4 Bxf4 29. Bxh4 Rc8 30. Bf6 Rc2 31. Rd1 Kh7 32. Bc3 Kg6 33. a3 f6 34. Re1
Bg3 35. Rb1 Kf5 36. Kg1 Be5 37. Bxe5 Kxe5 38. h4 Kxd5 39. Kh2 Ke6 40. Kg3 Kf5
41. b4 Kg6 42. Rd1 Bc6 43. Rd4 Ra2 44. Rg4+ Kf7 45. h5 Ra1 46. Kh2 Rd1 47. h6
Rd7 48. Rg7+ Kf8 49. Rg6 Rf7 50. Kg3 Ke7 51. Rg4 Rh7 52. Rh4 Kf7 53. Kf4 Kg6 54.
Rg4+ Kxh6 55. Rg8 Rg7 56. Rh8+ Kg6 57. Rc8 Rd7 58. Ke3 Re7+ 59. Kf2 Kf5 60. Rh8
Ke5 61. Ke3 a6 62. Rh5+ Ke6 63. Rc5 Rg7 64. g4 Rh7 65. Kf4 Rd7 66. Rc3 Rd4+ 67.
Ke3 Rd1 68. Kf4 Kd5 69. Ke3 Re1+ 70. Kd2 Re8 71. Rc5+ Kd6 72. Rf5 Re6 73. Rf4
Ke7 74. Rf5 Re5 75. Rf4 Kf7 76. a4 Bxa4 77. Rc4 Bc6 78. Rc3 Kg6 0-1

[Event "23rd European Teams"]
[Site "Terme Catez SLO"]
[Date "2021.11.14"]
[Round "3.17"]
[Board "4"]
[White "Kjartansson, Gudmundur"]
[Black "Brazdzionis, Andrius"]
[Result "1-0"]
[WhiteTitle "GM"]
[BlackTitle "FM"]
[WhiteElo "2443"]
[BlackElo "2356"]
[WhiteTeam "Iceland"]
[BlackTeam "Lithuania"]
[WhiteFideId "2301318"]
[BlackFideId "12804479"]
[EventDate "2021.11.12"]

1. c4 e6 2. Nc3 d5 3. d4 c5 4. cxd5 cxd4 5. Qa4+ Bd7 6. Qxd4 exd5 7. Qxd5 Nf6 8.
Qb3 Na6 9. e3 Nc5 10. Qd1 Nce4 11. Bd3 Bb4 12. Ne2 Qa5 13. O-O Nxc3 14. bxc3 Bd6
15. h3 Rd8 16. Nd4 Qxc3 17. Nb5 Bxb5 18. Bxb5+ Ke7 19. Qb3 Ne4 20. Rb1 Qxb3 21.
Rxb3 a6 22. Be2 b5 23. Rd1 Bc5 24. f3 Rxd1+ 25. Bxd1 Rd8 26. Be2 Ng3 27. Bd3 f5
28. Kh2 Bd6 29. Kg1 Bc5 30. Kf2 f4 31. Rc3 Nh1+ 32. Ke2 Ng3+ 33. Kf2 Nh1+ 34.
Ke1 fxe3 35. Bxh7 Bd4 36. Rd3 Nf2 37. Rxd4 Rxd4 38. Bxe3 Nd3+ 39. Kd2 Ra4 40.
Kxd3 Rxa2 41. g4 a5 42. Bc5+ Kf7 43. Be4 Rh2 44. Bc6 Rxh3 45. Ke3 b4 46. Bb6 Ke6
47. Bxa5 b3 48. Bc3 Rh2 49. Bxg7 b2 50. Be4 Rg2 51. Bc3 Kf7 52. Kf4 Re2 53. Bd3
Rf2 54. g5 Rg2 55. g6+ Ke6 56. g7 1-0

[Event "23rd European Teams"]
[Site "Terme Catez SLO"]
[Date "2021.11.15"]
[Round "4.1"]
[Board "1"]
[White "Erdos, Viktor"]
[Black "Mamedyarov, Shakhriyar"]
[Result "1/2-1/2"]
[WhiteTitle "GM"]
[BlackTitle "GM"]
[WhiteElo "2615"]
[BlackElo "2765"]
[WhiteTeam "Hungary"]
[BlackTeam "Azerbaijan"]
[WhiteFideId "719978"]
[BlackFideId "13401319"]
[EventDate "2021.11.12"]

1. e4 e5 2. Nf3 Nc6 3. Nc3 Nf6 4. d4 exd4 5. Nxd4 Bb4 6. Nxc6 bxc6 7. Bd3 d5 8.
Bd2 O-O 9. O-O a5 10. Re1 Bg4 11. Qc1 Re8 12. a3 Bxc3 13. Bxc3 Nxe4 14. Bxe4
dxe4 15. Qf4 Bh5 16. Rxe4 f6 17. Rxe8+ Bxe8 18. Re1 a4 19. Qe4 Qd5 20. h3 Bg6
21. Qe6+ Qxe6 22. Rxe6 Ra6 23. Re7 Bxc2 24. Rxc7 h5 25. g4 hxg4 26. hxg4 Be4 27.
f4 Ra8 28. g5 Rf8 29. Ra7 Bc2 30. Rc7 Be4 31. Kf2 Rf7 1/2-1/2

[Event "23rd European Teams"]
[Site "Terme Catez SLO"]
[Date "2021.11.15"]
[Round "4.1"]
[Board "2"]
[White "Radjabov, Teimour"]
[Black "Berkes, Ferenc"]
[Result "1/2-1/2"]
[WhiteTitle "GM"]
[BlackTitle "GM"]
[WhiteElo "2763"]
[BlackElo "2676"]
[WhiteTeam "Azerbaijan"]
[BlackTeam "Hungary"]
[WhiteFideId "13400924"]
[BlackFideId "718572"]
[EventDate "2021.11.12"]

1. d4 d5 2. c4 c6 3. Nf3 Nf6 4. Nc3 a6 5. e3 Bf5 6. Bd3 Bxd3 7. Qxd3 e6 8. O-O
Bb4 9. Bd2 O-O 10. Rfd1 Ba5 11. Rac1 Nbd7 12. b3 Re8 13. h3 h6 14. Be1 Rc8 15.
a3 Bc7 16. e4 dxe4 17. Nxe4 Nxe4 18. Qxe4 Qe7 19. Bb4 Bd6 20. Bxd6 Qxd6 21. c5
Qe7 22. Ne5 Rcd8 23. Nc4 Nf6 24. Qe2 Rd5 25. Rd3 Red8 26. Rcd1 h5 27. Ne5 Nd7
28. Nc4 Nf6 29. Ne5 Nd7 30. Nc4 Nf6 1/2-1/2

[Event "23rd European Teams"]
[Site "Terme Catez SLO"]
[Date "2021.11.15"]
[Round "4.1"]
[Board "3"]
[White "Banusz, Tamas"]
[Black "Mamedov, Rauf"]
[Result "0-1"]
[WhiteTitle "GM"]
[BlackTitle "GM"]
[WhiteElo "2607"]
[BlackElo "2673"]
[WhiteTeam "Hungary"]
[BlackTeam "Azerbaijan"]
[WhiteFideId "722413"]
[BlackFideId "13401653"]
[EventDate "2021.11.12"]

1. d4 Nf6 2. Nf3 g6 3. g3 Bg7 4. Bg2 d5 5. c4 c6 6. b3 dxc4 7. bxc4 c5 8. O-O
O-O 9. Bb2 cxd4 10. Nxd4 Qb6 11. Qc1 Bd7 12. Nd2 Nc6 13. Nc2 Rac8 14. Bc3 Be6
15. Rb1 Qa6 16. Qb2 Rfd8 17. Ne3 b6 18. Bf3 Nb8 19. Nd5 Bxd5 20. cxd5 Nbd7 21.
Rbc1 Nc5 22. Bd4 Bh6 23. Bxf6 exf6 24. Rfd1 f5 25. Rc2 Na4 26. Rxc8 Nxb2 27.
Rxd8+ Kg7 28. Rb1 Qxa2 29. e3 Na4 30. Rc8 Bxe3 31. fxe3 Qxd2 32. Rd1 Qxe3+ 33.
Kg2 Nb2 34. Rf1 Nd3 35. Rc2 Ne5 36. d6 Qd3 0-1

[Event "23rd European Teams"]
[Site "Terme Catez SLO"]
[Date "2021.11.15"]
[Round "4.1"]
[Board "4"]
[White "Guseinov, Gadir"]
[Black "Gledura, Benjamin"]
[Result "0-1"]
[WhiteTitle "GM"]
[BlackTitle "GM"]
[WhiteElo "2665"]
[BlackElo "2635"]
[WhiteTeam "Azerbaijan"]
[BlackTeam "Hungary"]
[WhiteFideId "13401378"]
[BlackFideId "712779"]
[EventDate "2021.11.12"]

1. e4 e5 2. Nf3 Nf6 3. d4 Nxe4 4. Bd3 d5 5. Nxe5 Nd7 6. Nxd7 Bxd7 7. O-O Bd6 8.
c4 O-O 9. cxd5 f5 10. Nc3 Qf6 11. Qf3 Ng5 12. Bxg5 Qxg5 13. Bb5 Bc8 14. Rad1 a6
15. Ba4 Qh6 16. Qh3 Qxh3 17. gxh3 b5 18. Bb3 Bd7 19. Rfe1 Rfe8 20. Kg2 Rxe1 21.
Rxe1 Re8 22. Rxe8+ Bxe8 23. a4 Kf7 24. axb5 axb5 25. Bc2 Kf6 26. Bd3 b4 27. Nb5
Kg5 28. Nxd6 cxd6 29. h4+ Kf4 30. f3 Bh5 31. Kf2 Bxf3 32. Bxf5 h6 33. Be6 Bh5
34. Bg8 Ke4 35. Kg3 Kxd4 36. Kf4 g6 37. Be6 Kc4 38. Ke4 Kb3 0-1